Shortest Words - E - Statistics

General Stats
  • This quiz has been taken 37 times
  • The average score is 40 of 55
Answer Stats
Answer % Correct
ear
100%
el
100%
em
100%
en
100%
er
100%
es
100%
ed
97%
ef
97%
eh
97%
et
97%
ew
97%
ex
97%
eat
90%
egg
90%
eel
87%
ewe
84%
eye
81%
end
77%
ere
77%
ess
77%
eve
77%
ego
74%
elk
74%
ell
74%
elm
74%
ebb
71%
err
71%
elf
68%
emu
68%
eau
65%
eff
65%
emo
65%
ems
65%
ens
65%
era
65%
eds
61%
eek
61%
eew
61%
els
61%
eme
61%
est
61%
eta
61%
eft
58%
eld
58%
ers
58%
eco
55%
efs
55%
eng
52%
eon
52%
erg
52%
ern
52%
eke
48%
eth
48%
ecu
45%
edh
39%
No matching quizzes found
Score Distribution
Percent of People with Each Score
Percentile by Number Answered
Your Score History
You have not taken this quiz